000 00381 a2200145 4500
005 20250620085322.0
020 _a978-81-203-2767-2
082 _a658.5 PAN
100 _aPANNEERSELVAM,R
245 _aProduction and Operations Management
250 _a2nd Ed.
260 _aIndia
_bPrentice Hall of India
_c2008
300 _axiii,546p.;ill,Tables
_bIndex.
_c23cm.
942 _2ddc
_cBKS
999 _c4484
_d4484